Towards new pilgrimage : A case and plan for popular enlightenment in rural India to-day (Record no. 1346960)

MARC details
000 -LEADER
fixed length control field 00573nam a2200181Ia 4500
005 - DATE AND TIME OF LATEST TRANSACTION
control field 20250508154012.0
008 - FIXED-LENGTH DATA ELEMENTS--GENERAL INFORMATION
fixed length control field 008 250505s9999 xx 000 0 eng d
037 ## - SOURCE OF ACQUISITION
Stock number Textual
040 ## - CATALOGING SOURCE
Original cataloging agency FEDL
Language of cataloging eng
Transcribing agency FEDL
041 ## - LANGUAGE CODE
Language code of text/sound track or separate title eng
Source of code eng
084 ## - COLON CLASSIFICATION NUMBER
Classification number 374.948 9, JAI
Assigning agency FEDL
100 ## - MAIN ENTRY--PERSONAL NAME
Personal name Jain Netrapal
9 (RLIN) 764835
245 #0 - TITLE STATEMENT
Title Towards new pilgrimage : A case and plan for popular enlightenment in rural India to-day
260 ## - PUBLICATION, DISTRIBUTION, ETC.
Place of publication, distribution, etc. Allahabad, India
Name of publisher, distributor, etc. Indian Press Limited
Date of publication, distribution, etc. 1964
300 ## - PHYSICAL DESCRIPTION
Extent 203p
942 ## - ADDED ENTRY ELEMENTS (KOHA)
Koha item type Textual
Classification part 374.948 9, JAI
Holdings
Withdrawn status Lost status Damaged status Not for loan Home library Current library Date acquired Total Checkouts Full call number Barcode Date last seen Price effective from Koha item type
        Department of Education Library Department of Education Library 2025-05-08   374.948 9, JAI EL0030455 2025-05-08 2025-05-08 Textual
Copyright @ Delhi University Library System